[Event "ch-RUS Rapid Women 2017"]
[Site "Sochi RUS"]
[Date "2017.10.01"]
[Round "8.14"]
[White "Shaydullina, Sandugach"]
[Black "Yakimova, Mariya"]
[Result "1-0"]
[WhiteTitle "WGM"]
[WhiteElo "2185"]
[BlackElo "1736"]
[WhiteFideId "4140389"]
[BlackFideId "34188859"]
[EventDate "2017.09.30"]

1. d4 Nf6 2. c4 e6 3. Nf3 b6 4. g3 Bb7 5. Bg2 Be7 6. O-O O-O 7. Re1 d5 8. Ne5
Nbd7 9. Nc3 Ne4 10. cxd5 exd5 11. Bf4 Nxc3 12. bxc3 Nxe5 13. Bxe5 c6 14. e4 dxe4
15. Bxe4 Bf6 16. Bf4 Qd7 17. Qf3 Rad8 18. h4 Ba8 19. Rad1 Rfe8 20. h5 Qe6 21.
Bxh7+ Kxh7 22. Rxe6 Rxe6 23. g4 b5 24. g5 Be7 25. Be3 Kg8 26. Qg4 Bb7 27. g6 Bc8
28. gxf7+ Kxf7 29. Qf4+ Rf6 30. Qc7 Bg4 31. Re1 Rd7 32. Qg3 Bxh5 33. Bg5 Rg6 34.
f4 Bf6 35. Qh3 Rd5 36. Qe6+ 1-0

[Event "ch-RUS Rapid Women 2017"]
[Site "Sochi RUS"]
[Date "2017.10.01"]
[Round "8.15"]
[White "Pischal, Yulia"]
[Black "Belova, Olga"]
[Result "0-1"]
[WhiteTitle "WFM"]
[BlackTitle "WFM"]
[WhiteElo "1963"]
[BlackElo "2096"]
[WhiteFideId "14102390"]
[BlackFideId "4138422"]
[EventDate "2017.09.30"]

1. e4 e5 2. Nf3 Nc6 3. d4 exd4 4. Nxd4 Bb4+ 5. c3 Bc5 6. Nb3 Bb6 7. Bd3 Nge7 8.
c4 d6 9. O-O O-O 10. Nc3 Ne5 11. Be2 f5 12. Bg5 Qe8 13. Bxe7 Qxe7 14. Nd5 Qf7
15. exf5 Bxf5 16. Nd4 Be4 17. Nxb6 axb6 18. Qc1 Rae8 19. a4 Nd3 20. Qc3 Qg6 21.
f3 Nf4 22. Rf2 Nh3+ 23. Kf1 Nxf2 24. Kxf2 Qh6 25. Kg1 Bg6 26. Bf1 Qe3+ 27. Qxe3
Rxe3 28. Kf2 Rfe8 29. b4 Rc3 30. Nb5 Rc2+ 31. Kg3 Re7 32. h4 Rb2 33. c5 bxc5 34.
bxc5 dxc5 35. Rd1 Rb4 36. Nc3 Rd4 37. Rb1 c6 38. a5 Bxb1 0-1

[Event "ch-RUS Rapid Women 2017"]
[Site "Sochi RUS"]
[Date "2017.10.01"]
[Round "8.16"]
[White "Kabanova, Ekaterina"]
[Black "Garifullina, Leya"]
[Result "1-0"]
[WhiteTitle "WFM"]
[BlackTitle "WCM"]
[WhiteElo "2205"]
[BlackElo "1970"]
[WhiteFideId "24112917"]
[BlackFideId "34127035"]
[EventDate "2017.09.30"]

1. c4 c6 2. e3 d5 3. Nf3 Nf6 4. a3 e6 5. Qc2 Be7 6. b4 a5 7. bxa5 Rxa5 8. Bb2
Nbd7 9. Be2 O-O 10. O-O dxc4 11. Bxc4 Nb6 12. Be2 Na4 13. Be5 Nd7 14. Bg3 Bf6
15. d4 c5 16. Ra2 cxd4 17. Bc7 Rc5 18. Bxd8 Rxc2 19. Rxc2 Rxd8 20. exd4 Ndb6 21.
Bb5 Bd7 22. Bxd7 Rxd7 23. Rfc1 Bd8 24. Nc3 Nxc3 25. Rxc3 h6 26. Rb3 Nd5 27. Rc8
f6 28. g3 Kf7 29. Kg2 b6 30. Nd2 Be7 31. Nc4 Ra7 32. Rb8 Ra4 33. Nxb6 Nxb6 34.
R8xb6 Rxa3 35. Rxa3 Bxa3 36. Rb7+ Kg6 37. Kf3 h5 38. Ke4 Bc1 1-0

[Event "ch-RUS Rapid Women 2017"]
[Site "Sochi RUS"]
[Date "2017.10.01"]
[Round "9.1"]
[White "Girya, Olga"]
[Black "Bodnaruk, Anastasia"]
[Result "0-1"]
[WhiteTitle "WGM"]
[BlackTitle "IM"]
[WhiteElo "2505"]
[BlackElo "2432"]
[WhiteFideId "4195752"]
[BlackFideId "4181751"]
[EventDate "2017.09.30"]

1. d4 d6 2. Nf3 Nf6 3. c4 g6 4. Nc3 Bg7 5. e4 O-O 6. Be2 e5 7. Be3 exd4 8. Nxd4
Re8 9. f3 c6 10. Bf2 d5 11. exd5 cxd5 12. c5 Nc6 13. O-O Bf8 14. Bb5 Bd7 15. Nb3
Ne5 16. Bxd7 Qxd7 17. Qc2 Nc4 18. Rfe1 Bh6 19. Rad1 Ne3 20. Ne4 Rxe4 21. Rxe3
Rxe3 22. Bxe3 Bxe3+ 23. Kh1 Re8 0-1

[Event "ch-RUS Rapid Women 2017"]
[Site "Sochi RUS"]
[Date "2017.10.01"]
[Round "9.2"]
[White "Tomilova, Elena"]
[Black "Kashlinskaya, Alina"]
[Result "0-1"]
[WhiteTitle "WIM"]
[BlackTitle "IM"]
[WhiteElo "2307"]
[BlackElo "2446"]
[WhiteFideId "4162340"]
[BlackFideId "4198026"]
[EventDate "2017.09.30"]

1. d4 Nf6 2. Bg5 d5 3. Bxf6 gxf6 4. e3 c5 5. c3 Nc6 6. Nf3 e6 7. Nbd2 Bd6 8. Bd3
f5 9. g3 Bd7 10. Nh4 Qb6 11. Rb1 Qd8 12. f4 cxd4 13. cxd4 Nb4 14. Ndf3 Qa5 15.
Kf2 Qxa2 16. Ne5 Ba4 17. Qe2 Nxd3+ 18. Nxd3 Rc8 19. Rbc1 Ke7 20. Qh5 Bb5 21. Ra1
Rc2+ 22. Kf3 Bxd3 23. Qg5+ Ke8 0-1

[Event "ch-RUS Rapid Women 2017"]
[Site "Sochi RUS"]
[Date "2017.10.01"]
[Round "9.3"]
[White "Ambartsumova, Karina"]
[Black "Vasilevich, Tatjana"]
[Result "1-0"]
[WhiteTitle "WGM"]
[BlackTitle "IM"]
[WhiteElo "2359"]
[BlackElo "2360"]
[WhiteFideId "4166299"]
[BlackFideId "14101610"]
[EventDate "2017.09.30"]

1. e4 c5 2. Nf3 a6 3. c4 e6 4. d4 cxd4 5. Nxd4 Nf6 6. Nc3 Bb4 7. Qd3 Nc6 8. Nxc6
dxc6 9. Qxd8+ Kxd8 10. e5 Ne4 11. a3 Bxc3+ 12. bxc3 Nxc3 13. a4 Ne4 14. Be3 f6
15. Bd3 Ng5 16. Rd1 Ke8 17. f4 Nf7 18. Bd4 fxe5 19. fxe5 c5 20. Bxc5 Nxe5 21.
Be2 Bd7 22. O-O Ng6 23. a5 Rc8 24. Bd6 e5 25. c5 Bc6 26. Bh5 e4 27. Rde1 Ra8 28.
Bf3 Kd7 29. Bg4+ Ke8 30. Bf5 Rd8 31. Bxe4 Bxe4 32. Rxe4+ Kd7 33. Rf7+ Kc6 34.
Rxg7 Rd7 35. Rxd7 Kxd7 36. Rb4 Kc6 37. Rb6+ Kd5 38. Rxb7 Nh4 39. Rb6 Ra8 40. Rb7
h6 41. Rf7 Ke6 42. Re7+ Kf6 43. g4 Rg8 44. h3 h5 45. Ra7 hxg4 46. Be7+ Kf5 47.
Bxh4 gxh3+ 48. Kh2 Kg4 49. Bg3 Rg6 50. Rb7 Rg5 51. Rb4+ Kf3 52. Rc4 Rd5 53. c6
Rd2+ 54. Kxh3 Rd8 55. c7 Rh8+ 56. Rh4 Rg8 57. Rf4+ Ke3 58. Rf7 Kd4 59. Rd7+ Kc5
60. Rd8 Rh8+ 1-0

[Event "ch-RUS Rapid Women 2017"]
[Site "Sochi RUS"]
[Date "2017.10.01"]
[Round "9.4"]
[White "Pogonina, Natalija"]
[Black "Ubiennykh, Ekaterina"]
[Result "1-0"]
[WhiteTitle "WGM"]
[BlackTitle "WIM"]
[WhiteElo "2466"]
[BlackElo "2308"]
[WhiteFideId "4147855"]
[BlackFideId "4137582"]
[EventDate "2017.09.30"]

1. d4 d5 2. c4 e6 3. Nf3 Nf6 4. g3 dxc4 5. Bg2 a6 6. O-O Nc6 7. e3 Rb8 8. Qe2 b5
9. b3 cxb3 10. axb3 Bb4 11. Bd2 Bxd2 12. Nbxd2 O-O 13. Ne1 Nb4 14. Ndf3 Bb7 15.
Nc2 Qe7 16. Qd2 Nfd5 17. Nxb4 Qxb4 18. Qc2 f6 19. Rfc1 Rf7 20. Ne1 Qd6 21. Nd3
Re8 22. Nc5 Bc8 23. Rd1 b4 24. Qc4 Nb6 25. Qxb4 e5 26. dxe5 Qxe5 27. Nxa6 Rd7
28. Nc5 Rd6 29. Rac1 Qb2 30. Ne4 Rxd1+ 31. Rxd1 Qc2 32. Re1 Be6 33. Qc5 Bxb3 34.
Rc1 Qxc5 35. Nxc5 Bd5 36. Na6 Bxg2 37. Kxg2 Nd5 38. Rc5 Re5 39. e4 Re6 40. exd5
Rxa6 41. Rxc7 Rd6 42. Rc5 Kf7 43. Kf3 Rd7 44. Ke4 Ra7 45. Kd4 Ke7 46. h4 Kd7 47.
Rb5 Rc7 48. h5 Ra7 49. Rb6 Ra4+ 50. Kc5 Ra5+ 51. Rb5 Ra7 52. g4 Rc7+ 53. Kd4 Ra7
54. Ke4 Ra4+ 55. Kf5 g6+ 56. Kxf6 gxh5 57. gxh5 Rf4+ 58. Ke5 Rxf2 59. Rb7+ Ke8
60. Rxh7 Rh2 61. h6 Ra2 62. Rb7 1-0

[Event "ch-RUS Rapid Women 2017"]
[Site "Sochi RUS"]
[Date "2017.10.01"]
[Round "9.5"]
[White "Charochkina, Daria"]
[Black "Goryachkina, Aleksandra"]
[Result "0-1"]
[WhiteTitle "IM"]
[BlackTitle "WGM"]
[WhiteElo "2339"]
[BlackElo "2478"]
[WhiteFideId "4180917"]
[BlackFideId "4147103"]
[EventDate "2017.09.30"]

1. d4 d5 2. Bf4 Nf6 3. e3 c5 4. c3 e6 5. Nf3 Nc6 6. Nbd2 Bd6 7. Bg3 O-O 8. Bb5
Be7 9. O-O Qb6 10. a4 a6 11. Bxc6 bxc6 12. Qc2 a5 13. dxc5 Bxc5 14. Rab1 Ba6 15.
Rfe1 Rfd8 16. Ne5 Bd6 17. b4 Qc7 18. Nef3 e5 19. b5 cxb5 20. axb5 Bb7 21. b6 Qe7
22. Qf5 Qd7 23. Qg5 h6 24. Qh4 Qe6 25. Qa4 Nd7 26. e4 dxe4 27. Nxe4 Be7 28. Nd4
Qg6 29. Nf3 Qe6 30. Nd4 Qg6 31. Nf3 f6 32. Nh4 Qf7 33. Nf5 Nc5 34. Nxe7+ Qxe7
35. Qc4+ Ne6 36. f3 a4 37. Bf2 Bd5 38. Qb5 Qb7 39. c4 Bc6 40. Qb4 Nf4 41. Nc5
Qf7 42. b7 Rab8 43. Bg3 Nd3 44. Nxd3 Rxd3 45. Qa5 Rxb7 46. Qc5 Qd7 47. h3 Rd2
48. Bf2 Rb3 49. Qa5 Kh7 50. Qc5 Rbb2 51. Rxb2 Rxb2 52. Qe3 Rb3 53. Qc1 Qd3 54.
Re3 Rb1 55. Rxd3 Rxc1+ 56. Kh2 Rxc4 57. Bb6 Rc2 58. Kg3 Bb5 59. Ra3 Kg6 60. Ra1
Kf7 61. Rb1 Bc6 62. Ra1 Ke6 63. Ba5 f5 64. Re1 f4+ 65. Kh4 Rxg2 66. Bc3 Rg5 67.
Rf1 Be8 68. Re1 Rf5 69. Bxe5 g5+ 0-1

[Event "ch-RUS Rapid Women 2017"]
[Site "Sochi RUS"]
[Date "2017.10.01"]
[Round "9.6"]
[White "Voit, Daria"]
[Black "Gritsayeva, Oksana"]
[Result "0-1"]
[WhiteTitle "FM"]
[BlackTitle "WFM"]
[WhiteElo "2387"]
[BlackElo "2373"]
[WhiteFideId "4182146"]
[BlackFideId "14104652"]
[EventDate "2017.09.30"]

1. d4 Nf6 2. c4 e6 3. Nf3 Bb4+ 4. Nbd2 d5 5. Qc2 O-O 6. g3 c5 7. dxc5 Bxc5 8.
cxd5 Qb6 9. e3 Nxd5 10. Nc4 Qd8 11. Bg2 Nb4 12. Qb3 Nd3+ 13. Ke2 Nxc1+ 14. Raxc1
Nc6 15. Rhd1 Qe7 16. a3 Rb8 17. Qc3 Bd7 18. b4 Bb6 19. b5 Nd8 20. Nxb6 axb6 21.
a4 Rc8 22. Qd4 Rxc1 23. Rxc1 Be8 24. Qxb6 Qa3 25. Rd1 Qxa4 26. Nd4 e5 27. Qxd8
exd4 28. Qxd4 Bxb5+ 29. Ke1 Qa2 30. Bf1 Bxf1 31. Kxf1 h6 32. Qb6 Qc2 33. Rd7 Ra8
34. Qxb7 Ra1+ 35. Kg2 Qc1 36. Rd8+ Kh7 37. Qxf7 Qf1+ 38. Kf3 Qh1+ 39. Kg4 Qe4+
40. f4 Ra6 41. Qf5+ Rg6+ 42. Qxg6+ Kxg6 43. Rd6+ Kf7 44. Ra6 Qxe3 45. Ra5 Qe2+
46. Kh3 Qf1+ 47. Kg4 Kg6 48. Re5 Qg2 49. h3 Kf6 50. Rf5+ Ke6 51. Re5+ Kf7 52.
Rf5+ Kg6 53. Re5 Qf1 54. Re6+ Kf7 55. Re5 Qd1+ 56. Kh4 Kf6 57. Ra5 Qe2 58. Rc5
Kf7 59. Rc7+ Kg8 60. Rc8+ Kh7 61. Ra8 g5+ 0-1

[Event "ch-RUS Rapid Women 2017"]
[Site "Sochi RUS"]
[Date "2017.10.01"]
[Round "9.7"]
[White "Nechaeva, Marina"]
[Black "Bezgodova, Svetlana"]
[Result "1-0"]
[WhiteTitle "IM"]
[BlackTitle "WIM"]
[WhiteElo "2431"]
[BlackElo "2060"]
[WhiteFideId "4149351"]
[BlackFideId "4110650"]
[EventDate "2017.09.30"]

1. d4 Nf6 2. c4 d6 3. Nf3 Nbd7 4. g3 c6 5. Bg2 e5 6. O-O Be7 7. Nc3 O-O 8. e4
Re8 9. Re1 a6 10. d5 cxd5 11. cxd5 b5 12. b4 Nb6 13. a4 Nxa4 14. Nxa4 bxa4 15.
Qxa4 Bd7 16. Qa5 Bb5 17. Bf1 Qxa5 18. bxa5 Bxf1 19. Kxf1 Rec8 20. Bg5 h6 21.
Bxf6 Bxf6 22. Nd2 Bd8 23. Ra4 Rc5 24. Nc4 Bc7 25. Rb1 Rf8 26. Ke2 f5 27. f3 g5
28. Rb7 fxe4 29. fxe4 Rf7 30. Ra7 g4 31. Rxa6 h5 32. Ra8+ Kg7 33. a6 Bb6 34.
Nxb6 Rc2+ 35. Kd3 Rxh2 36. a7 Rf3+ 37. Kc4 Rc2+ 38. Kb5 Rb3+ 39. Ka6 1-0

[Event "ch-RUS Rapid Women 2017"]
[Site "Sochi RUS"]
[Date "2017.10.01"]
[Round "9.8"]
[White "Drozdova, Dina"]
[Black "Shaydullina, Sandugach"]
[Result "1/2-1/2"]
[WhiteTitle "WIM"]
[BlackTitle "WGM"]
[WhiteElo "2223"]
[BlackElo "2185"]
[WhiteFideId "4170695"]
[BlackFideId "4140389"]
[EventDate "2017.09.30"]

1. d4 d5 2. c4 e6 3. Nc3 c6 4. cxd5 exd5 5. Nf3 Nf6 6. Bg5 Be7 7. e3 Bf5 8. Bd3
Bxd3 9. Qxd3 O-O 10. O-O Ne4 11. Bxe7 Qxe7 12. Nd2 f5 13. f3 Nd6 14. Rae1 Na6
15. a3 Rae8 16. Nd1 Nc7 17. Nf2 Ne6 18. Qc3 Qf6 19. Nd3 Nf7 20. f4 Nd6 21. Ne5
Re7 22. b4 a6 23. a4 g5 24. g3 Rg7 25. Kh1 h5 26. fxg5 Nxg5 27. Ndf3 Nge4 28.
Qc2 Kh7 29. Rg1 Qh6 30. Nd3 Ng5 31. Nxg5+ Rxg5 32. Rgf1 Ne4 33. Rf4 Rg4 34. Ref1
h4 35. gxh4 Rxh4 36. Rxh4 Qxh4 37. Rg1 Qh3 38. Qg2 Qxg2+ 39. Rxg2 Nc3 40. a5 Re8
41. Rg3 Ne4 42. Rg2 Nc3 43. Ne5 Nd1 44. Rg3 Nf2+ 45. Kg2 Ne4 46. Rh3+ Kg7 47.
Rh5 Kf6 48. Rh6+ Kg7 49. Rh5 Kf6 50. Rh6+ Kg7 51. Rh5 Kf6 52. Rh7 Rg8+ 53. Kf1
Nd2+ 54. Ke1 Ne4 55. Rxb7 Rg1+ 56. Ke2 Rg2+ 57. Ke1 Rg1+ 58. Ke2 Rg2+ 59. Kd1
Rg1+ 60. Kc2 Rg2+ 61. Kd1 Rg1+ 62. Kc2 Rg2+ 63. Kd1 Rg1+ 64. Kc2 Rg2+ 65. Kd1
Rg1+ 66. Kc2 Rg2+ 67. Kb3 Nd2+ 68. Kc3 Nb1+ 69. Kb3 Nd2+ 70. Kc3 1/2-1/2

[Event "ch-RUS Rapid Women 2017"]
[Site "Sochi RUS"]
[Date "2017.10.01"]
[Round "9.9"]
[White "Afanasieva, Alexandra"]
[Black "Bivol, Alina"]
[Result "0-1"]
[WhiteTitle "WFM"]
[BlackTitle "WGM"]
[WhiteElo "2112"]
[BlackElo "2375"]
[WhiteFideId "34126926"]
[BlackFideId "4100123"]
[EventDate "2017.09.30"]

1. e4 e6 2. d4 d5 3. Nd2 Be7 4. Ngf3 Nf6 5. e5 Nfd7 6. Bd3 c5 7. c3 Nc6 8. O-O
Qb6 9. dxc5 Nxc5 10. Bc2 Nd7 11. Qe2 g5 12. Nb3 g4 13. Nfd4 Ncxe5 14. Be3 Qd8
15. f4 gxf3 16. Nxf3 Ng6 17. c4 Nf6 18. Rad1 Qc7 19. cxd5 Nxd5 20. Nfd4 a6 21.
Qf2 Bd6 22. g3 Nxe3 23. Qxe3 Ne5 24. Be4 Bd7 25. Rc1 Qb6 26. Kh1 h5 27. Qf2 Qd8
28. Nf3 Qe7 29. Nxe5 Bxe5 30. Bxb7 Rb8 31. Bg2 h4 32. g4 h3 33. Be4 Rf8 34. Qf3
a5 35. Bc6 Bxc6 36. Qxc6+ Qd7 37. Qxd7+ Kxd7 38. Nc5+ Ke7 39. b3 Rg8 40. Rcd1
Rbd8 41. Rxd8 Rxd8 42. Ne4 Rc8 43. Ng5 Rc2 44. Nf3 Bd6 45. a4 Rb2 46. Rd1 Rxb3
47. Nd4 Rb2 48. Nf3 Rf2 49. Rd3 Rf1+ 50. Ng1 Bc5 51. Rg3 Kf8 52. g5 Kg7 53. Rg4
Kg6 54. Rg3 Bxg1 55. Rxg1 Rxg1+ 56. Kxg1 Kxg5 57. Kf2 Kf4 0-1

[Event "ch-RUS Rapid Women 2017"]
[Site "Sochi RUS"]
[Date "2017.10.01"]
[Round "9.10"]
[White "Maltsevskaya, Aleksandra"]
[Black "Kharmunova, Nadezhda"]
[Result "1-0"]
[BlackTitle "WIM"]
[WhiteElo "2271"]
[BlackElo "2199"]
[WhiteFideId "24174041"]
[BlackFideId "4195876"]
[EventDate "2017.09.30"]

1. e4 c5 2. Nf3 Nc6 3. d4 cxd4 4. Nxd4 Qb6 5. Nb3 Nf6 6. Nc3 e6 7. Be3 Qc7 8. f4
d6 9. Qf3 a6 10. O-O-O Be7 11. Bd3 Nb4 12. Kb1 O-O 13. g4 b5 14. g5 Nd7 15. h4
Bb7 16. h5 Nxd3 17. cxd3 b4 18. Ne2 d5 19. Rc1 Qd8 20. Ned4 dxe4 21. dxe4 Rc8
22. Ka1 Rxc1+ 23. Rxc1 Qa8 24. g6 Bxe4 25. gxf7+ Rxf7 26. Qd1 Qd5 27. Qe2 Rf6
28. Nc6 Bf8 29. Nba5 Bd3 30. Qe1 Qxh5 31. Rd1 Qf5 32. Qd2 Rh6 33. Nb3 Bc2 34.
Ncd4 Qd3 35. Nxc2 Qxd2 36. Bxd2 Rh2 37. Nxb4 Nb6 38. Bc3 Nc4 39. Nc6 Bd6 40. a3
Bxf4 41. Rd4 Ne5 42. Ne7+ Kf7 43. Rxf4+ Kxe7 44. Bxe5 Rg2 45. Rc4 h5 46. Rc7+
Kf8 47. Nc5 g5 48. Nxe6+ Kg8 49. Rg7+ 1-0

[Event "ch-RUS Rapid Women 2017"]
[Site "Sochi RUS"]
[Date "2017.10.01"]
[Round "9.11"]
[White "Belova, Olga"]
[Black "Kovanova, Baira"]
[Result "0-1"]
[WhiteTitle "WFM"]
[BlackTitle "WGM"]
[WhiteElo "2096"]
[BlackElo "2368"]
[WhiteFideId "4138422"]
[BlackFideId "4164083"]
[EventDate "2017.09.30"]

1. e4 e5 2. Nf3 d6 3. d4 exd4 4. Nxd4 Nf6 5. Nc3 Be7 6. Bc4 O-O 7. O-O a6 8. a4
Re8 9. Re1 h6 10. h3 Bf8 11. b3 Nbd7 12. Bb2 Ne5 13. Bf1 Bd7 14. f4 Ng6 15. Qf3
c5 16. Nf5 d5 17. Ng3 d4 18. Nb1 Bc6 19. Nd2 Bd6 20. Ba3 Bxf4 21. Rad1 Qc7 22.
Nh5 Nxh5 23. Qxh5 Bg3 24. Bc4 Bxe1 25. Rxe1 b5 26. Qxg6 bxc4 27. Qg4 cxb3 28.
Nxb3 Bxa4 29. Nxc5 Bc6 30. Bc1 Qd6 31. Nd3 Qe6 32. Qg3 Bxe4 33. Nc5 Qg6 34. Qf2
Bxg2 35. Rxe8+ Rxe8 36. Qxg2 Re1+ 0-1

[Event "ch-RUS Rapid Women 2017"]
[Site "Sochi RUS"]
[Date "2017.10.01"]
[Round "9.12"]
[White "Styazhkina, Anna"]
[Black "Kabanova, Ekaterina"]
[Result "1-0"]
[WhiteTitle "WIM"]
[BlackTitle "WFM"]
[WhiteElo "2301"]
[BlackElo "2205"]
[WhiteFideId "24119300"]
[BlackFideId "24112917"]
[EventDate "2017.09.30"]

1. e4 c5 2. Nf3 e6 3. c4 Qc7 4. Nc3 a6 5. Be2 d6 6. d4 cxd4 7. Nxd4 b6 8. O-O
Bb7 9. Be3 Nf6 10. f3 Nbd7 11. Qd2 Rc8 12. Rac1 Be7 13. Rfd1 O-O 14. b4 Rfe8 15.
Nb3 Qb8 16. a3 Rc7 17. Bf4 Ne5 18. c5 bxc5 19. bxc5 Rd8 20. Qe3 Qa7 21. Kf2 Ng6
22. cxd6 Qxe3+ 23. Kxe3 e5 24. dxc7 exf4+ 25. Kf2 Rc8 26. Na4 Bxa3 27. Nb6 Bxc1
28. Rd8+ Nf8 29. Nxc8 Be3+ 30. Kf1 Bxc8 31. Rxc8 Bb6 32. Rxf8+ 1-0

[Event "ch-RUS Rapid Women 2017"]
[Site "Sochi RUS"]
[Date "2017.10.01"]
[Round "9.13"]
[White "Potapova, Margarita"]
[Black "Sukhareva, Evgeniya"]
[Result "1/2-1/2"]
[WhiteTitle "WFM"]
[WhiteElo "2187"]
[BlackElo "2207"]
[WhiteFideId "14126869"]
[BlackFideId "4167155"]
[EventDate "2017.09.30"]

1. d4 Nf6 2. c4 e6 3. Nf3 d5 4. Nc3 c5 5. cxd5 Nxd5 6. e4 Nxc3 7. bxc3 cxd4 8.
cxd4 Bb4+ 9. Bd2 Bxd2+ 10. Qxd2 O-O 11. Be2 b6 12. d5 exd5 13. exd5 Bb7 14. d6
Nd7 15. O-O Qf6 16. Rad1 Rad8 17. Qd4 Qg6 18. Bd3 Qh6 19. Be4 Bxe4 20. Qxe4 Nc5
21. Qd5 Qf6 22. h3 Rfe8 23. Rfe1 Rxe1+ 24. Rxe1 h6 25. Rd1 Nd7 26. a4 Nc5 27. a5
Ne6 28. axb6 axb6 29. Qe5 Nc5 30. Rd4 Rd7 31. Rd5 Qe6 32. Qd4 f6 33. Kh2 Ne4 34.
Kg1 Rxd6 35. Rxd6 Nxd6 36. Qxb6 Qd5 37. Qb8+ Kh7 38. Qb1+ Kg8 1/2-1/2

[Event "ch-RUS Rapid Women 2017"]
[Site "Sochi RUS"]
[Date "2017.10.01"]
[Round "9.14"]
[White "Bykova, Anastasia"]
[Black "Goltseva, Ekaterina"]
[Result "1/2-1/2"]
[WhiteTitle "WFM"]
[BlackTitle "WFM"]
[WhiteElo "2234"]
[BlackElo "2214"]
[WhiteFideId "4164970"]
[BlackFideId "24173770"]
[EventDate "2017.09.30"]

1. d4 d5 2. Nf3 Nf6 3. c4 dxc4 4. g3 e6 5. Bg2 Bd7 6. Ne5 Bc6 7. Nxc6 Nxc6 8.
Bxc6+ bxc6 9. O-O c5 10. dxc5 Qxd1 11. Rxd1 Bxc5 12. Bf4 Nd5 13. Nd2 c3 14. bxc3
Nxc3 15. Re1 Nd5 16. Nb3 Bb6 17. Be5 f6 18. Bb2 Kf7 19. Rac1 Rac8 20. Rc4 Rhd8
21. Rec1 e5 22. e4 Ne7 23. Kf1 Rb8 24. Ke2 Nc8 25. f3 Nd6 26. Rc6 h5 27. h3 Rd7
28. R1c2 Nb7 29. f4 exf4 30. gxf4 Nd8 31. R6c4 Ne6 32. Bc1 Rbd8 33. f5 Nd4+ 34.
Nxd4 Rxd4 35. Be3 Rd3 36. R4c3 Rxc3 37. Rxc3 Rd7 38. a4 Ke7 39. Rc1 Kd8 40. a5
Bxa5 41. Bxa7 Rd2+ 42. Kf3 Rd3+ 43. Kg2 Bc3 44. Bc5 Be5 45. Bf2 Kd7 46. Rb1 Kc8
47. Rc1 Rb3 48. Rg1 Rb2 49. Rd1 Bd6 50. Kf3 Rb3+ 51. Kg2 Kd7 52. Ra1 Rb7 53. Kf3
c5 54. Ra8 c4 55. Rg8 Kc6 56. Rc8+ Rc7 57. Rxc7+ Bxc7 58. Ke2 Be5 59. Kd1 Kb5
60. Kc2 Kb4 61. Be1+ c3 62. Bf2 Kc4 63. Be3 Bd4 64. Bf4 Bf2 65. e5 fxe5 66. Bxe5
Bd4 67. Bg3 Kd5 68. Kd3 Bf6 69. Bh2 Kc5 70. Bg3 Kb4 71. Kc2 Kc4 72. Bf2 Be5 73.
Bg1 Kd5 74. Kd3 Kd6 75. Be3 Kd5 76. Bf2 Bf6 77. Bg3 Be5 78. Bf2 Kc6 79. Be3 Kb5
80. Bf2 Kb4 81. Kc2 Kc4 82. Bg1 Bf6 83. Bf2 Bd4 84. Bg3 Kd5 85. Kd3 Be5 86. Bf2
Bf6 87. Bg3 Be5 88. Bf2 c2 89. Kxc2 Ke4 90. Kd2 Kf3 91. Bc5 Kg3 92. Ke2 Bf6 93.
Bf8 Bd4 94. Kd3 Bf6 95. Ke2 Kxh3 96. Kf3 Kh2 97. Bd6+ Kg1 98. Kg3 Kf1 99. Bf8
Ke2 100. Bxg7 Bxg7 101. Kh4 1/2-1/2

[Event "ch-RUS Rapid Women 2017"]
[Site "Sochi RUS"]
[Date "2017.10.01"]
[Round "9.15"]
[White "Belenkaya, Dina"]
[Black "Kasaeva, Sofiia"]
[Result "1-0"]
[WhiteTitle "WGM"]
[WhiteElo "2346"]
[BlackElo "1796"]
[WhiteFideId "24142654"]
[BlackFideId "34180530"]
[EventDate "2017.09.30"]

1. e4 c5 2. Nf3 e6 3. c4 a6 4. Nc3 Qc7 5. Be2 d6 6. d4 cxd4 7. Nxd4 Nf6 8. O-O
Be7 9. Be3 O-O 10. Rc1 Nbd7 11. b4 b6 12. Nb3 Bb7 13. f3 Rac8 14. Kh1 Rfd8 15.
Qd2 Qb8 16. Rfd1 d5 17. exd5 Bxb4 18. dxe6 fxe6 19. Qb2 Qe5 20. Bd4 Qf4 21. Bg1
Nh5 22. Ne4 Ndf6 23. Nd4 Bxe4 24. Qxb4 Rxd4 25. Bxd4 Qh4 26. Qe1 Qg5 27. fxe4
Nf4 28. Bf3 N6h5 29. Be3 Qg6 30. Bxf4 Nxf4 31. Qg3 1-0

[Event "ch-RUS Rapid Women 2017"]
[Site "Sochi RUS"]
[Date "2017.10.01"]
[Round "9.16"]
[White "Yakimova, Mariya"]
[Black "Semenova, Elena1"]
[Result "0-1"]
[BlackTitle "WIM"]
[WhiteElo "1736"]
[BlackElo "2284"]
[WhiteFideId "34188859"]
[BlackFideId "24125148"]
[EventDate "2017.09.30"]

1. e4 e5 2. Nf3 Nc6 3. d4 exd4 4. Nxd4 Nf6 5. Nxc6 bxc6 6. e5 Qe7 7. Qe2 Nd5 8.
c4 Nb6 9. b3 g6 10. Bb2 Bg7 11. Nd2 d6 12. f4 O-O 13. O-O-O Re8 14. Qf3 dxe5 15.
Re1 Bf5 16. fxe5 Rad8 17. Qxc6 Bh6 18. Bc3 Qa3+ 19. Kd1 Qxa2 20. Ke2 Rxd2+ 21.
Bxd2 Qxd2+ 22. Kf3 Qf4+ 23. Ke2 Qe3+ 0-1

[Event "ch-RUS Rapid Women 2017"]
[Site "Sochi RUS"]
[Date "2017.10.01"]
[Round "10.1"]
[White "Bodnaruk, Anastasia"]
[Black "Pogonina, Natalija"]
[Result "1/2-1/2"]
[WhiteTitle "IM"]
[BlackTitle "WGM"]
[WhiteElo "2432"]
[BlackElo "2466"]
[WhiteFideId "4181751"]
[BlackFideId "4147855"]
[EventDate "2017.09.30"]

1. e4 e5 2. Nf3 Nc6 3. Bb5 Nf6 4. d3 Bc5 5. c3 O-O 6. O-O Re8 7. Bg5 h6 8. Bh4
a6 9. Ba4 b5 10. Bb3 Be7 11. Re1 Bb7 12. Nbd2 Nh5 13. Bxe7 Qxe7 14. Nf1 Nf4 15.
g3 Nh3+ 16. Kg2 Ng5 17. Ne3 Nxf3 18. Qxf3 Nd8 19. h4 Ne6 20. Rad1 a5 21. Bc2 b4
22. d4 d6 23. Nd5 Qf8 24. dxe5 dxe5 25. Qf5 f6 26. Ba4 Bc8 27. Nxf6+ gxf6 28.
Qg6+ Ng7 29. Bxe8 Qxe8 30. Qxf6 Be6 31. Rd2 Kh7 32. Red1 Qc6 33. Qxe5 Re8 34.
Qf4 Bxa2 35. f3 Bb3 36. Rc1 a4 37. Re2 Qb5 38. Qd2 Rd8 39. Qe1 a3 40. cxb4 a2
41. Re3 Rd3 42. Qe2 Bc4 43. Ra1 Rxe3 44. Qxe3 Qxb4 45. Qc3 Qxc3 46. bxc3 Ne6 47.
Kf2 c5 48. Ke3 Kg6 49. Kd2 Kf6 50. f4 h5 51. Kc2 Nc7 52. Kb2 Nb5 53. Rd1 Be6 54.
Re1 Bc4 55. Rd1 Be6 56. Re1 Bc4 57. Rd1 Be6 58. Re1 Bc4 1/2-1/2